Suplemento técnico de fiebre aftosa /

Guardado en:
Autor Principal: Greco, Eduardo
Formato: Libro
Publicado: Buenos Aires : Colegio de Veterinarios de la provincia de Bs. As., 2000
Materias:
Etiquetas: Agregar Etiqueta
Sin Etiquetas, Sea el primero en etiquetar este registro!
LEADER 00600nam a22001695a 4500
001 CEM.cems016785
005 20111014152237.0
008 130507s2000##################000#0#####d
003 CEMS
082 0 4 |a 636 
100 1 |a Greco, Eduardo 
245 1 0 |a Suplemento técnico de fiebre aftosa /  |c Eduardo Greco, Juan Dotta, Rodolfo Bottini, Erneso Ranea Arias, Marcelo de La Sota y José Carbajales 
260 |a Buenos Aires :  |b Colegio de Veterinarios de la provincia de Bs. As.,  |c 2000 
300 |a 72 p. 
653 |a Aftosa 
653 |a Sanidad animal 
859 |a CEMS  |b BIB. CEMS - Agricultura  |h 636  |i G799  |p A0398.02  |t Ej.1